| 000 | 00866nam a2200337 a 4500 | ||
|---|---|---|---|
| 003 | AR-BaBNM | ||
| 005 | 20251128202737.0 | ||
| 008 | 082120s2002 ||||||||||||||000 | spa|| | ||
| 020 | _a84-7100-413-5 | ||
| 040 | _cAR-BaBNM | ||
| 100 | 1 | _aHung Hui, Juan | |
| 245 | 0 | 0 | _aChinos en América |
| 250 | _a1ª ed. | ||
| 260 |
_aMadrid _bMapfre _c1992 |
||
| 300 |
_a264 p. _bil., láms. |
||
| 490 | 0 |
_aAmérica crisol _vv. 3 |
|
| 500 | _aApéndice para consultar p. 151-256. | ||
| 650 | 4 | _aRELIGION | |
| 650 | 4 | _aSOCIEDAD | |
| 650 | 4 | _aGRUPOS ETNICOS | |
| 650 | 4 | _aRELACIONES RACIALES | |
| 650 | 4 | _aHISTORIA SOCIAL | |
| 650 | 4 | _aHISTORIA POLITICA | |
| 650 | 4 | _aHISTORIA DE LAS COSTUMBRES | |
| 650 | 4 | _aINMIGRACION | |
| 651 | 4 | _aChina | |
| 651 | 4 | _aAmérica Latina | |
| 800 | 1 |
_aGallego, José Andrés _ecoordinador |
|
| 942 | _cBK | ||
| 998 | _cmariana | ||
| 999 |
_c365 _d365 |
||